Stanovenie diskontnej sadzby pre účely ocenenia poistných zmlúv v životnom poistení

Rozbor stanovenia diskontnej sadzby pre zmluvy životného poistenia so zohľadnením princípov IFRS 17.

Salvato in:
Dettagli Bibliografici
Autore principale: Dubovská, Alžbeta, 2001-
Altri autori: Zelinová, Silvia, 1987-, Šoltésová, Tatiana, 1975-
Natura: Capitolo di libro
Lingua:slovacco
Soggetti:
Tags: Aggiungi Tag
Nessun Tag, puoi essere il primo ad aggiungerne!!

MARC

LEADER 00000naa$a2200000$$$4500
001 0313242
005 20251120102736.0
041 0 |a slo 
044 |a CZ 
245 1 0 |a Stanovenie diskontnej sadzby pre účely ocenenia poistných zmlúv v životnom poistení  |c Alžbeta Dubovská, Silvia Zelinová, Tatiana Šoltésová 
520 |a Rozbor stanovenia diskontnej sadzby pre zmluvy životného poistenia so zohľadnením princípov IFRS 17. 
610 2 0 |a sadzby diskontné 
610 2 0 |a IFRS 
610 2 0 |a prirážky cenové 
610 2 0 |a prirážky obchodné 
610 2 0 |a likvidácia 
610 2 0 |a portfólio 
610 2 0 |a poistenie 
610 2 0 |a poistenie životné 
610 2 0 |a zmluvy 
610 2 0 |a zmluvy poistné 
100 1 |a Dubovská, Alžbeta, 2001- 
700 1 |a Zelinová, Silvia, 1987- 
700 1 |a Šoltésová, Tatiana, 1975-